000 00542nam a22001817a 4500
005 20251108170505.0
008 250721s1997 xx 000 0 ara d
082 1 4 _a216.52/عبي
100 1 _aعبيدات، محمود سالم
245 1 0 _aالتفريق بين الزوجين بسبب العيوب بين الفقه و القانون /
264 1 _aعمان :
_c1997.
300 _a88ص
650 1 7 _aالفقه الإسلامي
650 1 7 _aالطلاق
650 1 7 _aفسخ الزواج
942 _2ddc
_cBK
999 _c41780
_d41780